Where Did These 2022-2023 Players Play Before Joining Forest - Statistics

General Stats
  • This quiz has been taken 8 times
  • The average score is 24 of 47
Answer Stats
Player Nationality Position Year Joined Answer % Correct
Renan Lodi(On loan at Forest) Brazil DF 2022 Atletico Madrid
100%
Neco Williams Wales DF 2022 Liverpool
100%
Dean Henderson(On loan at Forest) England GK 2022 Manchester United
100%
Jesse Lingard England MF 2022 Manchester United
100%
Keylor Navas(On loan at Forest) Costa Rica GK 2023 Paris Saint-Germain
100%
Steve Cook England DF 2022 AFC Bournemouth
80%
Harry Arter Ireland MF 2020 AFC Bournemouth
80%
Felipe Brazil DF 2023 Atletico Madrid
80%
Omar Richards England DF 2022 Bayern Munich
80%
Lyle Taylor Montserrat FW 2020 Charlton Athletic
80%
Cheikhou Kouyaté Senegal MF 2022 Crystal Palace
80%
Harry Toffolo England DF 2022 Huddersfield Town
80%
Lewis O'Brien England MF 2022 Huddersfield Town
80%
Jonjo Shelvey England MF 2023 Newcastle United
80%
Jack Colback England MF 2020 Newcastle United
80%
Chris Wood(On loan at Forest) New Zealand FW 2023 Newcastle United
80%
Taiwo Awoniyi Nigeria FW 2022 Union Berlin
80%
Emmanuel Dennis Nigeria FW 2022 Watford
80%
Willy Boly Ivory Coast DF 2022 Wolverhampton Wanderers
80%
Morgan Gibbs-White England MF 2022 Wolverhampton Wanderers
80%
Wayne Hennessey Wales GK 2022 Burnley
60%
Scott McKenna Scotland DF 2020 Aberdeen
40%
Remo Freuler Switzerland MF 2022 Atalanta
40%
Hwang Ui-jo South Korea FW 2022 Bordeaux
40%
Jordan Smith England GK 2013 Forest(Academy)
40%
Joe Worrall England DF 2016 Forest(Academy)
40%
Ryan Yates England MF 2016 Forest(Academy)
40%
Tyrese Fornah England MF 2020 Forest(Academy)
40%
Alex Mighten England FW 2019 Forest(Academy)
40%
Brennan Johnson Wales FW 2019 Forest(Academy)
40%
Moussa Niakhaté Senegal DF 2022 Mainz
40%
Sam Surridge England FW 2022 Stoke City
40%
Orel Mangala Belgium MF 2022 VFB Stuttgart
40%
Serge Aurier Ivory Coast DF 2022 Villareal
40%
André Ayew Ghana FW 2023 Al Sadd
20%
Josh Bowler England FW 2022 Blackpool
20%
Ethan Horvath USA GK 2021 Club Brugge
20%
Loïc Mbe Soh France DF 2020 Paris Saint-Germain
20%
Giulian Biancone France DF 2022 Troyes
20%
Braian Ojeda Paraguay MF 2021 Club Olimpia
0%
Jonathan Panzo England DF 2022 Dijon
0%
Adnan Kanurić Bosnia GK 2022 FK Sarajevo
0%
Mohamed Dräger Tunisia DF 2021 Olympiacos
0%
Cafú Portugal MF 2021 Olympiacos
0%
Danilo Brazil MF 2023 Palmeiras
0%
Gustavo Scarpa Brazil MF 2023 Palmeiras
0%
Richie Laryea Canada DF 2022 Toronto FC
0%
No matching quizzes found
Score Distribution
Percent of People with Each Score
Percentile by Number Answered
Your Score History
You have not taken this quiz